[Event "Split op 12th"]
[Site "Split"]
[Date "2023.08.08"]
[Round "5"]
[White "Vucenovic, Damian"]
[Black "Poljak, Stipe"]
[Result "1-0"]
[WhiteElo "2184"]
[BlackElo "1982"]
[PlyCount "37"]
[EventDate "2023.08.05"]
[EventType "swiss"]
[EventRounds "9"]
[EventCountry "CRO"]
[SourceTitle "CBM 215 Extra"]
[Source "ChessBase"]
[SourceDate "2023.09.30"]
[SourceVersion "1"]
[SourceVersionDate "2023.09.30"]
[SourceQuality "1"]

1. e4 c5 2. Nf3 Nc6 3. Bb5 e5 4. 0-0 Bd6 5. c3 a6 6. Ba4 b5 7. Bc2 Qc7 8. a4 b4 9. Re1 Nge7 10. d3 0-0 11. Nbd2 Na5 12. d4 bxc3 13. bxc3 cxd4 14. cxd4 exd4 15. e5 Bb4 16. Bxh7+ Kh8 17. Be4 Rb8 18. Ng5 Rb6 19. e6 1-0

[Event "Hvar Arsenal op"]
[Site "Hvar"]
[Date "2022.10.14"]
[Round "9"]
[White "Batinic, Josip"]
[Black "Poljak, Stipe"]
[Result "0-1"]
[WhiteElo "1951"]
[BlackElo "1849"]
[PlyCount "90"]
[EventDate "2022.10.08"]
[EventType "swiss"]
[EventRounds "9"]
[EventCountry "CRO"]
[SourceTitle "CBM 210 Extra"]
[Source "ChessBase"]
[SourceDate "2022.11.30"]
[SourceVersion "1"]
[SourceVersionDate "2022.11.30"]
[SourceQuality "1"]

1. d4 Nf6 2. Bf4 g6 3. Nf3 Bg7 4. h3 0-0 5. e3 d6 6. Bd3 Nbd7 7. 0-0 Qe8 8. e4 e5 9. dxe5 dxe5 10. Be3 Qe7 11. Nc3 c6 12. Qe2 Nc5 13. Rfd1 Nh5 14. Bxc5 Qxc5 15. Qe3 Qxe3 16. fxe3 Re8 17. Rd2 Nf6 18. Rad1 b5 19. Ne2 Nd7 20. c4 b4 21. Bc2 Nc5 22. Nc1 Be6 23. b3 f6 24. Nh2 Kf7 25. Ng4 h5 26. Nf2 Bh6 27. Ncd3 Bxe3 28. Re2 Nxd3 29. Rxe3 Nxf2 30. Kxf2 Rad8 31. Red3 Rxd3 32. Rxd3 Ke7 33. h4 a5 34. Rd2 c5 35. Ke2 Rd8 36. Bd3 Bg4+ 37. Ke3 f5 38. Rb2 f4+ 39. Kd2 Kd6 40. a4 Ke6 41. Rb1 Kf6 42. Rf1 g5 43. g3 Kg6 44. gxf4 exf4 45. e5+ Bf5 0-1

[Event "Hvar Arsenal blitz op"]
[Site "Hvar"]
[Date "2022.10.11"]
[Round "9"]
[White "Bratosevic, Mladen"]
[Black "Poljak, Stipe"]
[Result "0-1"]
[WhiteElo "2006"]
[BlackElo "1850"]
[PlyCount "108"]
[EventDate "2022.10.11"]
[EventType "swiss (blitz)"]
[EventRounds "11"]
[EventCountry "CRO"]
[SourceTitle "CBM 210 Extra"]
[Source "ChessBase"]
[SourceDate "2022.11.30"]
[SourceVersion "1"]
[SourceVersionDate "2022.11.30"]
[SourceQuality "1"]

1. c4 Nf6 2. Nc3 g6 3. d4 Bg7 4. e4 0-0 5. f3 d6 6. Be3 c5 7. dxc5 dxc5 8. Qxd8 Rxd8 9. Bxc5 Nc6 10. Nge2 b6 11. Ba3 Ba6 12. b3 Rac8 13. Rd1 e6 14. g3 Ne5 15. Bg2 Nd3+ 16. Kf1 Bh6 17. f4 Ng4 18. Rd2 Ne3+ 19. Kg1 Nxg2 20. Kxg2 Nxf4+ 21. gxf4 Rxd2 22. Kf3 Bb7 23. Bc1 Rc2 24. Rd1 Bg7 25. Nb5 Bxe4+ 26. Ke3 Bf5 27. Rd7 a6 28. Nd6 Rf8 29. a4 Bg4 30. Bd2 Bxe2 31. Kxe2 Bc3 32. Ne4 Bxd2 33. Nxd2 Re8 34. Rd6 e5 35. Kd3 Rc1 36. fxe5 Rxe5 37. Rxb6 Rh5 38. Ne4 Rxh2 39. c5 Rh3+ 40. Kd4 Rh4 41. Kd5 Rd1+ 42. Ke5 Re1 43. Rb4 f5 44. c6 Rhxe4+ 45. Rxe4 Rxe4+ 46. Kd6 Re1 47. b4 f4 48. b5 axb5 49. axb5 f3 50. c7 Rc1 51. b6 f2 52. b7 f1Q 53. b8Q+ Qf8+ 54. Qxf8+ Kxf8 0-1

[Event "Hvar Arsenal blitz op"]
[Site "Hvar"]
[Date "2022.10.11"]
[Round "4"]
[White "Ljubicic, Mario"]
[Black "Poljak, Stipe"]
[Result "1-0"]
[WhiteElo "1966"]
[BlackElo "1850"]
[PlyCount "67"]
[EventDate "2022.10.11"]
[EventType "swiss (blitz)"]
[EventRounds "11"]
[EventCountry "CRO"]
[SourceTitle "CBM 210 Extra"]
[Source "ChessBase"]
[SourceDate "2022.11.30"]
[SourceVersion "1"]
[SourceVersionDate "2022.11.30"]
[SourceQuality "1"]

1. e4 c5 2. Nf3 d6 3. d3 Nc6 4. g3 g6 5. Bg2 Bg7 6. 0-0 e6 7. Re1 Nge7 8. c3 0-0 9. d4 a6 10. a4 b6 11. Na3 Bb7 12. Bf4 Rb8 13. Qd2 Re8 14. Rad1 Ba8 15. Qe2 cxd4 16. cxd4 Nb4 17. Qc4 a5 18. Nb5 d5 19. exd5 exd5 20. Qb3 Rc8 21. Nd6 Rc6 22. Nxe8 Qxe8 23. Bg5 f6 24. Bf4 Qd7 25. Rc1 Rxc1 26. Rxc1 Bc6 27. Ne1 Bxa4 28. Qc3 Bc6 29. Nd3 Nxd3 30. Qxd3 Bb5 31. Qb3 a4 32. Qb4 Bf8 33. Bd6 Nc6 34. Qxb5 1-0

[Event "Hvar Arsenal blitz op"]
[Site "Hvar"]
[Date "2022.10.11"]
[Round "3"]
[White "Poljak, Stipe"]
[Black "Fucak, Emilijo"]
[Result "0-1"]
[WhiteElo "1850"]
[BlackElo "2174"]
[PlyCount "144"]
[EventDate "2022.10.11"]
[EventType "swiss (blitz)"]
[EventRounds "11"]
[EventCountry "CRO"]
[SourceTitle "CBM 210 Extra"]
[Source "ChessBase"]
[SourceDate "2022.11.30"]
[SourceVersion "1"]
[SourceVersionDate "2022.11.30"]
[SourceQuality "1"]

1. d4 Nf6 2. Nf3 e6 3. c4 b6 4. g3 Bb7 5. Bg2 Bb4+ 6. Bd2 Qe7 7. 0-0 Bxd2 8. Qxd2 d6 9. Nc3 Nbd7 10. Rfd1 0-0 11. a3 Rac8 12. Rac1 Rfd8 13. d5 Nc5 14. Qc2 e5 15. b4 Ncd7 16. Ng5 h6 17. Nge4 a6 18. Bh3 Ra8 19. e3 a5 20. Nb5 Nxe4 21. Qxe4 Nf6 22. Qc2 c6 23. dxc6 Bxc6 24. Nc3 axb4 25. axb4 Bf3 26. Rd2 Qb7 27. Nd5 Nxd5 28. cxd5 Bxd5 29. Qc7 Qxc7 30. Rxc7 Ra1+ 31. Bf1 Be6 32. f4 exf4 33. exf4 Rb1 34. b5 Bh3 35. Rf2 Bxf1 36. Rxf1 Rxb5 37. Rd1 d5 38. Rc3 d4 39. Rcd3 Rbd5 40. Kf2 f5 41. Rb1 b5 42. Rb4 Kf7 43. Kf3 R8d6 44. Rbb3 Ke6 45. Rb2 Kd7 46. Ke2 Kc6 47. Kd2 Kb6 48. Rdb3 Re6 49. Rb1 Rc5 50. Kd3 Rd6 51. Re1 g6 52. Re8 Kc6 53. Rc8+ Kd5 54. Rh8 h5 55. Re8 Re6 56. Rd8+ Kc6 57. Rxd4 Rd6 58. Rxd6+ Kxd6 59. Rb2 Rd5+ 60. Kc3 Kc5 61. Re2 b4+ 62. Kb3 Rd3+ 63. Kb2 Rf3 64. Rc2+ Kb5 65. Re2 Ka4 66. Rd2 h4 67. Rg2 h3 68. Rd2 Rf1 69. Rd6 Rf2+ 70. Kb1 Rxh2 71. Rxg6 Rg2 72. Ra6+ Kb3 0-1

[Event "Hvar Arsenal blitz op"]
[Site "Hvar"]
[Date "2022.10.11"]
[Round "10"]
[White "Poljak, Stipe"]
[Black "Golubovic, Erik"]
[Result "1-0"]
[WhiteElo "1850"]
[BlackElo "1669"]
[PlyCount "60"]
[EventDate "2022.10.11"]
[EventType "swiss (blitz)"]
[EventRounds "11"]
[EventCountry "CRO"]
[SourceTitle "CBM 210 Extra"]
[Source "ChessBase"]
[SourceDate "2022.11.30"]
[SourceVersion "1"]
[SourceVersionDate "2022.11.30"]
[SourceQuality "1"]

1. d4 d5 2. c4 e6 3. Nc3 c5 4. cxd5 exd5 5. Nf3 Nc6 6. g3 Nf6 7. Bg2 cxd4 8. Nxd4 Bc5 9. Nb3 Bb6 10. 0-0 0-0 11. a4 d4 12. Nb5 Re8 13. Bf4 Nd5 14. a5 Nxf4 15. gxf4 Bc7 16. N5xd4 Nxd4 17. Qxd4 Qxd4 18. Nxd4 Bxf4 19. a6 Rb8 20. axb7 Bxb7 21. Nc6 Bxc6 22. Bxc6 Rxe2 23. Rxa7 Rexb2 24. Bd5 Rf8 25. Re1 Rd2 26. Bc4 h6 27. Ree7 Rc2 28. Bxf7+ Kh8 29. Bg6 Rg8 30. Bxc2 Rf8 1-0

[Event "Hvar Arsenal op"]
[Site "Hvar"]
[Date "2022.10.09"]
[Round "3"]
[White "Doric, Nenad"]
[Black "Poljak, Stipe"]
[Result "1-0"]
[WhiteElo "2219"]
[BlackElo "1849"]
[PlyCount "53"]
[EventDate "2022.10.08"]
[EventType "swiss"]
[EventRounds "9"]
[EventCountry "CRO"]
[SourceTitle "CBM 210 Extra"]
[Source "ChessBase"]
[SourceDate "2022.11.30"]
[SourceVersion "1"]
[SourceVersionDate "2022.11.30"]
[SourceQuality "1"]

1. Nf3 Nf6 2. c4 g6 3. Nc3 Bg7 4. e4 0-0 5. d4 d6 6. Be2 e5 7. 0-0 Nc6 8. d5 Ne7 9. Ne1 Nd7 10. Be3 f5 11. f3 f4 12. Bf2 g5 13. a4 a5 14. Nd3 b6 15. b4 axb4 16. Nxb4 Rf7 17. a5 Rxa5 18. Rxa5 bxa5 19. Nc6 Nxc6 20. dxc6 Nb8 21. c5 Qe8 22. cxd6 Qxc6 23. Qb3 Na6 24. Bc4 Qd7 25. Nb5 cxd6 26. Bxf7+ Qxf7 27. Qxf7+ 1-0

[Event "EU-ch Amateur U2000"]
[Site "Zagreb"]
[Date "2022.08.18"]
[Round "6"]
[White "Barlage, Tonio"]
[Black "Poljak, Stipe"]
[Result "1/2-1/2"]
[WhiteElo "1878"]
[BlackElo "1755"]
[PlyCount "164"]
[EventDate "2022.08.14"]
[EventType "swiss"]
[EventRounds "9"]
[EventCountry "CRO"]
[SourceTitle "CBM 210 Extra"]
[Source "ChessBase"]
[SourceDate "2022.11.30"]
[SourceVersion "1"]
[SourceVersionDate "2022.11.30"]
[SourceQuality "1"]

1. c4 Nf6 2. g3 g6 3. Bg2 Bg7 4. Nf3 0-0 5. 0-0 d6 6. d4 Nbd7 7. Nc3 e5 8. d5 Re8 9. Ne1 a5 10. e4 Nc5 11. Nd3 Nxd3 12. Qxd3 Nd7 13. Be3 b6 14. Rab1 Nc5 15. Qc2 Bd7 16. b3 Qe7 17. a3 a4 18. b4 Nb3 19. b5 f5 20. f3 Ra5 21. Ne2 Qf8 22. Nc1 Nxc1 23. Qxc1 h5 24. h3 Kh7 25. Kh2 Re7 26. Bd2 Ra7 27. Qe1 f4 28. g4 hxg4 29. hxg4 Bf6 30. Rh1 Kg8 31. Qf1 Rg7 32. Kg1 Bg5 33. Be1 Qf6 34. Rb2 Ra8 35. Bh3 Rh7 36. Rbh2 Kg7 37. Bg2 Rah8 38. Rxh7+ Rxh7 39. Rxh7+ Kxh7 40. Qf2 Kg7 41. Bf1 Qd8 42. Be2 Qh8 43. Qh2 Qxh2+ 44. Kxh2 Be7 45. Bd1 Kf7 46. Bxa4 Ke8 47. Bd1 Kd8 48. Kh3 g5 49. Kg2 Kc8 50. Kf2 Kb7 51. Ke2 Be8 52. a4 Bd7 53. Kd3 Be8 54. Kc3 Ka7 55. Kb4 Kb7 56. Bf2 Bd7 57. a5 Be8 58. Be2 Bf7 59. Ka4 Be8 60. Be1 Bf7 61. Bc3 Be8 62. c5 bxc5 63. a6+ Ka7 64. Bd1 Bd7 65. Ba5 Bd8 66. Bb3 Be8 67. Bc4 Bd7 68. Bd3 Kb8 69. Kb3 Be8 70. Kc4 Bf7 71. Bc2 Ka7 72. Ba4 Bg6 73. Be1 Bf7 74. Bf2 Be7 75. Bc2 Be8 76. Ba4 Bf7 77. Be1 Bd8 78. Ba5 Bg8 79. Bc3 Bf6 80. Bc2 Bf7 81. Bb2 Be7 82. Ba4 Bf6 1/2-1/2

[Event "EU-ch Amateur U2000"]
[Site "Zagreb"]
[Date "2022.08.16"]
[Round "3"]
[White "Poljak, Stipe"]
[Black "Vujic, Velibor"]
[Result "1-0"]
[WhiteElo "1755"]
[BlackElo "1778"]
[PlyCount "53"]
[EventDate "2022.08.14"]
[EventType "swiss"]
[EventRounds "9"]
[EventCountry "CRO"]
[SourceTitle "CBM 210 Extra"]
[Source "ChessBase"]
[SourceDate "2022.11.30"]
[SourceVersion "1"]
[SourceVersionDate "2022.11.30"]
[SourceQuality "1"]

1. d4 g6 2. c4 Bg7 3. Nc3 d6 4. e4 Nc6 5. Be3 e5 6. dxe5 Nxe5 7. Be2 Be6 8. f4 Nc6 9. Nf3 Nge7 10. 0-0 0-0 11. Qd2 f5 12. Rad1 fxe4 13. Nxe4 Nf5 14. Bf2 Kh8 15. h3 Qe8 16. Rfe1 Rd8 17. Bf1 Qd7 18. Nfg5 Bg8 19. Nc5 Qc8 20. Nce6 h6 21. Nxf8 hxg5 22. Nxg6+ Kh7 23. Bd3 Ncd4 24. Ne7 Qd7 25. Nxf5 Nxf5 26. Qc2 Rf8 27. g4 1-0

[Event "EU-ch Amateur U2000"]
[Site "Zagreb"]
[Date "2022.08.15"]
[Round "2"]
[White "Vukovojac, Vedran"]
[Black "Poljak, Stipe"]
[Result "1/2-1/2"]
[WhiteElo "1848"]
[BlackElo "1755"]
[PlyCount "75"]
[EventDate "2022.08.14"]
[EventType "swiss"]
[EventRounds "9"]
[EventCountry "CRO"]
[SourceTitle "CBM 210 Extra"]
[Source "ChessBase"]
[SourceDate "2022.11.30"]
[SourceVersion "1"]
[SourceVersionDate "2022.11.30"]
[SourceQuality "1"]

1. Nf3 Nf6 2. c4 g6 3. g3 Bg7 4. Bg2 0-0 5. 0-0 d6 6. Nc3 c5 7. d4 cxd4 8. Nxd4 Nbd7 9. b3 a6 10. Bb2 Rb8 11. Qd2 Nc5 12. Rfd1 Re8 13. Rac1 Ne6 14. Nd5 Nxd5 15. cxd5 Nxd4 16. Bxd4 Bxd4 17. Qxd4 Bd7 18. Rd2 Qa5 19. b4 Qb5 20. e4 Rbc8 21. Rdc2 Qa4 22. Qd2 Rxc2 23. Rxc2 Rc8 24. Rxc8+ Bxc8 25. h4 h5 26. Bf3 Bg4 27. Kg2 Bxf3+ 28. Kxf3 Qd7 29. Kg2 Qc7 30. Qd3 Kg7 31. a4 f6 32. a5 Qd7 33. Qd4 Qb5 34. Qb6 Qxb6 35. axb6 Kh7 36. f4 Kh6 37. Kf3 g5 38. f5 1/2-1/2

[Event "EU-ch Amateur U2000"]
[Site "Zagreb"]
[Date "2022.08.14"]
[Round "1"]
[White "Poljak, Stipe"]
[Black "Szwaj, Jacek"]
[Result "0-1"]
[WhiteElo "1755"]
[BlackElo "1913"]
[PlyCount "70"]
[EventDate "2022.08.14"]
[EventType "swiss"]
[EventRounds "9"]
[EventCountry "CRO"]
[SourceTitle "CBM 210 Extra"]
[Source "ChessBase"]
[SourceDate "2022.11.30"]
[SourceVersion "1"]
[SourceVersionDate "2022.11.30"]
[SourceQuality "1"]

1. d4 Nf6 2. Nf3 g6 3. g3 Bg7 4. Bg2 d6 5. 0-0 Nbd7 6. c4 e5 7. dxe5 dxe5 8. Nc3 0-0 9. h3 c6 10. Be3 Qe7 11. Qa4 a6 12. Rfd1 Nh5 13. Ne4 f5 14. Bg5 Ndf6 15. Nd6 h6 16. Be3 Nd7 17. Qc2 Rf6 18. c5 f4 19. Nxc8 Rxc8 20. Rxd7 Qxd7 21. Nxe5 Qe8 22. gxf4 Kh7 23. Nd3 Re6 24. Kh2 Rxe3 25. fxe3 Qxe3 26. Rf1 Re8 27. Rf2 Bd4 28. Rf1 Qg3+ 29. Kh1 Qh4 30. Kh2 Ng3 31. Rf3 Rxe2 32. Qc4 Nf5 33. Ne5 Rxe5 34. fxe5 Bxe5+ 35. Kh1 Qxc4 0-1

[Event "CRO-chT U16"]
[Site "Crikvenica"]
[Date "2021.12.20"]
[Round "6.3"]
[White "Poljak, Stipe"]
[Black "Konjevic, Nikola"]
[Result "0-1"]
[WhiteElo "1645"]
[BlackElo "1553"]
[PlyCount "74"]
[EventDate "2021.12.18"]
[EventType "team-tourn"]
[EventRounds "7"]
[EventCountry "CRO"]
[SourceTitle "CBM 206 Extra"]
[Source "ChessBase"]
[SourceDate "2022.03.31"]
[SourceVersion "1"]
[SourceVersionDate "2022.03.31"]
[SourceQuality "1"]
[WhiteTeam "Kastel Novi Sedlar"]
[BlackTeam "Vukovar Slaven"]
[WhiteTeamCountry "CRO"]
[BlackTeamCountry "CRO"]

1. e4 b5 2. d4 Bb7 3. Bd3 Nf6 4. Qe2 a6 5. Nf3 e6 6. a4 b4 7. Nbd2 d5 8. e5 Nfd7 9. h4 c5 10. dxc5 Nxc5 11. Nf1 h6 12. Ng3 Nbd7 13. h5 Nxd3+ 14. cxd3 a5 15. Nd4 Ba6 16. Rh3 Bc5 17. Nb3 Bb6 18. f4 Qe7 19. Nh1 Nc5 20. Nxc5 Qxc5 21. Be3 d4 22. Qf3 Rb8 23. Rc1 Bb7 24. Qg4 Qf8 25. Bd2 f5 26. Qg6+ Qf7 27. Rg3 Qxg6 28. Rxg6 Kf7 29. Nf2 Rbc8 30. g4 Rxc1+ 31. Bxc1 fxg4 32. Ne4 Bxe4 33. dxe4 Rc8 34. Kd1 Bc7 35. Rxg4 Bb8 36. Rg3 Rc4 37. Bd2 Rc8 0-1

[Event "CRO-ch U15"]
[Site "Trogir"]
[Date "2020.08.26"]
[Round "4"]
[White "Poljak, Stipe"]
[Black "Markovic, Marko2222"]
[Result "1-0"]
[WhiteElo "1672"]
[BlackElo "1628"]
[PlyCount "33"]
[EventDate "2020.08.24"]
[EventType "swiss"]
[EventRounds "9"]
[EventCountry "CRO"]
[SourceTitle "CBM 198 Extra"]
[Source "ChessBase"]
[SourceDate "2020.11.30"]
[SourceVersion "1"]
[SourceVersionDate "2020.11.30"]
[SourceQuality "1"]

1. d4 d5 2. c4 e6 3. Nc3 c6 4. Nf3 dxc4 5. a4 Bb4 6. e3 b5 7. Bd2 Bxc3 8. Bxc3 Qe7 9. d5 f6 10. dxc6 Ba6 11. axb5 Bxb5 12. Nd4 Bxc6 13. Nxc6 Nxc6 14. Bxc4 Rb8 15. Qa4 Rc8 16. Bb5 Qb7 17. Ba6 1-0

[Event "CRO-ch U13"]
[Site "Trogir"]
[Date "2019.06.18"]
[Round "3"]
[White "Poljak, Stipe"]
[Black "Mandaric, Fran"]
[Result "1/2-1/2"]
[WhiteElo "1293"]
[BlackElo "1612"]
[PlyCount "110"]
[EventDate "2019.06.17"]
[EventType "swiss"]
[EventRounds "9"]
[EventCountry "CRO"]
[SourceTitle "EXT 2020"]
[Source "ChessBase"]
[SourceDate "2019.10.17"]
[SourceVersion "1"]
[SourceVersionDate "2019.10.17"]
[SourceQuality "1"]

1. d4 Nf6 2. c4 e6 3. Nc3 Bb4 4. e3 Bxc3+ 5. bxc3 c5 6. Nf3 0-0 7. Bd3 d6 8. 0-0 Re8 9. Qc2 e5 10. dxe5 dxe5 11. Rd1 Qe7 12. Nd2 Nc6 13. Ne4 h6 14. Nd6 Rd8 15. Nxc8 Raxc8 16. e4 Rd6 17. f3 Rcd8 18. Be3 b6 19. Rd2 Na5 20. Rad1 Qe6 21. Qa4 Nh5 22. Bf1 Kf8 23. Rd5 Nf6 24. Rxd6 Rxd6 25. Rxd6 Qxd6 26. Be2 Qe6 27. Bxc5+ bxc5 28. Qxa5 Qb6 29. Qb5 Ke7 30. a4 Kd6 31. a5 Qxb5 32. cxb5 Ne8 33. Kf2 Kc7 34. Ke3 Nd6 35. c4 f6 36. g3 g6 37. f4 Nf7 38. h4 h5 39. f5 gxf5 40. exf5 Nd6 41. Bd3 Kb7 42. Kf3 Kc7 43. g4 e4+ 44. Bxe4 hxg4+ 45. Kf4 g3 46. Bd5 g2 47. Bxg2 Nxc4 48. h5 Kd6 49. b6 axb6 50. axb6 Ne5 51. b7 Kc7 52. Bd5 c4 53. b8Q+ Kxb8 54. Bxc4 Nxc4 55. Ke4 Nd6+ 1/2-1/2